Pokračovanie rodu (Record no. 22762)
[ view plain ]
| 000 -LEADER | |
|---|---|
| fixed length control field | 00718nam a2200253 a 4500 |
| 001 - CONTROL NUMBER | |
| control field | 22762 |
| 003 - CONTROL NUMBER IDENTIFIER | |
| control field | SK-KTurca |
| 005 - DATE AND TIME OF LATEST TRANSACTION | |
| control field | 20260423104436.0 |
| 008 - FIXED-LENGTH DATA ELEMENTS--GENERAL INFORMATION | |
| fixed length control field | 000405s1998 xo ae 000 0 slo c |
| 020 ## - INTERNATIONAL STANDARD BOOK NUMBER | |
| International Standard Book Number | 8088905036 (viaz.) |
| 035 ## - SYSTEM CONTROL NUMBER | |
| System control number | UKB000252684 |
| 040 ## - CATALOGING SOURCE | |
| Original cataloging agency | BAA001 |
| Language of cataloging | slo |
| Transcribing agency | BAA001 |
| Description conventions | AACR2 |
| 041 1# - LANGUAGE CODE | |
| Language code of text/sound track or separate title | slo |
| 044 ## - COUNTRY OF PUBLISHING/PRODUCING ENTITY CODE | |
| MARC country code | xo |
| ISO country code | SK |
| 080 ## - UNIVERSAL DECIMAL CLASSIFICATION NUMBER | |
| Universal Decimal Classification number | 72.067.26 |
| 100 1# - MAIN ENTRY--PERSONAL NAME | |
| Personal name | Krpelán, Igor, |
| Dates associated with a name | 1946- |
| 245 00 - TITLE STATEMENT | |
| Title | Pokračovanie rodu |
| Remainder of title | úpravy objektov ľudovej architektúry |
| Statement of responsibility, etc. | Igor Krpelán |
| 260 ## - PUBLICATION, DISTRIBUTION, ETC. | |
| Place of publication, distribution, etc. | Bratislava |
| Name of publisher, distributor, etc. | Jaga group |
| Date of publication, distribution, etc. | 1998 |
| 300 ## - PHYSICAL DESCRIPTION | |
| Extent | 112 s. |
| Other physical details | il., plány |
| 504 ## - BIBLIOGRAPHY, ETC. NOTE | |
| Bibliography, etc. note | Bibliogr. s. 103 |
| 650 07 - SUBJECT ADDED ENTRY--TOPICAL TERM | |
| Topical term or geographic name entry element | ľudová architektúra |
| Source of heading or term | UKBPH |
| 650 07 - SUBJECT ADDED ENTRY--TOPICAL TERM | |
| Topical term or geographic name entry element | rekonštrukcie stavieb |
| Source of heading or term | UKBPH |
| 942 ## - ADDED ENTRY ELEMENTS (KOHA) | |
| Source of classification or shelving scheme | Dewey Decimal Classification |
| Koha item type | Odborná literatúra pre dospelých |
| Suppress in OPAC | No |
No items available.
